Secure architecture for EMR (Record no. 13416)

000 -LEADER
fixed length control field 00432nam a22001337a 4500
082 ## - DEWEY DECIMAL CLASSIFICATION NUMBER
Classification number MSCS-1 AHM
100 ## - MAIN ENTRY--PERSONAL NAME
Personal name Waqar Ahmad
9 (RLIN) 6867
245 ## - TITLE STATEMENT
Title Secure architecture for EMR
260 ## - PUBLICATION, DISTRIBUTION, ETC.
Place of publication, distribution, etc. Islamabad
Name of publisher, distributor, etc. NUST-SEECS
Date of publication, distribution, etc. 2015
300 ## - PHYSICAL DESCRIPTION
Extent 45p.
Other physical details ill.;
Accompanying material CD ROM
500 ## - GENERAL NOTE
General note Supervisors: Dr. Abdul Ghafoor, Dr. Nauman Qureshi, Dr. Awais Shibli, M. Qaiser Ch.
856 ## - ELECTRONIC LOCATION AND ACCESS
Uniform Resource Identifier <a href="http://10.250.8.41:8080/xmlui/handle/123456789/8312">http://10.250.8.41:8080/xmlui/handle/123456789/8312</a>
942 ## - ADDED ENTRY ELEMENTS (KOHA)
Koha item type Project Report
Source of classification or shelving scheme
Holdings
Withdrawn status Lost status Damaged status Not for loan Collection code Permanent Location Current Location Shelving location Date acquired Total Checkouts Full call number Barcode Date last seen Price effective from Koha item type Source of classification or shelving scheme
          Central Library (CL) Central Library (CL) Reference 12/15/2015   MSCS-1 AHM SEECSP01792 12/15/2015 12/15/2015 Project Report  
          Central Library (CL) Central Library (CL) Thesis 10/07/2019   005 CL-T-3415 10/07/2019 10/07/2019 Thesis  
          Central Library (CL) Central Library (CL) Thesis 10/17/2019   005 CL-T-3490 10/17/2019 10/17/2019 Thesis  
© 2023 Central Library, National University of Sciences and Technology. All Rights Reserved.